Normal view
MARC view
- سالم، عبد المقصود محمد
Entry Personal Name
001 - CONTROL NUMBER
- control field: 35358
003 - CONTROL NUMBER IDENTIFIER
- control field: JO-AjAnu
005 - DATE AND TIME OF LATEST TRANSACTION
- control field: 20230606075920.0
008 - FIXED-LENGTH DATA ELEMENTS
- fixed length control field: 230606|| aca||aabn | a|a d
040 ## - CATALOGING SOURCE
- Original cataloging agency: JO-AjAnu
- Transcribing agency: JO-AjAnu
100 ## - HEADING--PERSONAL NAME
- Personal name: سالم، عبد المقصود محمد
670 ## - SOURCE DATA FOUND
- Source citation: Work cat.: (JO-AjAnu)18157: سالم، عبد المقصود محمد , author, أنوار الحق في الصلاة على سيد الخلق سيدنا ومولانا محمد صلى الله عليه وسلم